00309pam a2200121a 44500008004100000020001800041082001300059100002400072245003500096250001200131260003200143300001200175230405s2016 xxu||||| |||| 00| 0 eng d a9789351529187 a617bBAS aBasavanthappa, B.T. aCommunity Health Nursing Vol-2 a3rd Ed. aNew DelhibJaypee Pubc2016 a1467i p